[Event "3. Open Bohumin 2020"]
[Site "Bohumin"]
[Date "2020.07.25"]
[Round "8.7"]
[White "Pilch, Roman"]
[Black "Kula, Dominik"]
[Result "1-0"]
[WhiteElo "2168"]
[BlackElo "2243"]
[Annotator "TA"]
[PlyCount "61"]
[EventDate "2020.07.18"]
[EventType "swiss"]
[EventCountry "CZE"]
[SourceTitle "playchess.com"]
[Source "ChessBase"]
[SourceQuality "1"]

{[%evp 9,61,34,63,13,26,27,26,39,38,5,46,0,0,0,0,-68,-64,-188,0,0,14,0,0,0,114,114,109,112,109,116,118,96,108,104,98,101,93,95,94,93,108,90,156,157,158,158,202,178,201,121,126,122,234,222]} 1. d4 f5 2. b3 Nf6 3. e3 g6 4. Bb2 Bg7 5. Be2 d6 6. Nd2 {[#] A80: Dutch Defence: Unusual White second moves.} Nbd7 $146 ({Predecessor:} 6... O-O 7. h4 h6 8. Nh3 Qe8 9. Nf3 Ng4 10. Nf4 e5 11. dxe5 dxe5 12. Qd5+ Kh8 13. Bxe5 Nxe5 14. Nxe5 {1-0 (34) Stones,D (1822)-Punsalan,V (1951) Tumon 2019}) 7. h4 h6 8. Nh3 {White has an edge.} e5 9. dxe5 dxe5 10. g4 fxg4 11. Bxg4 Qe7 12. Bf3 (12. Qe2 $11) 12... Nb6 13. Qe2 {[#]} (13. a3 $15) 13... Bxh3 $2 (13... e4 $1 $19 {[%cal Re4f3]} 14. Bg2 Nfd5 15. Bxg7 Qxg7) 14. Rxh3 $11 O-O-O {Strongly threatening ...e4.} 15. O-O-O e4 16. Bh1 g5 (16... Kb8 $11) 17. hxg5 $16 hxg5 18. Rxh8 Rxh8 19. Bxe4 {[%mdl 64] [#] Decoy} Nxe4 20. Qg4+ Kb8 21. Qxe4 Bxb2+ 22. Kxb2 Qf6+ 23. Qd4 Qxd4+ 24. exd4 {[%mdl 4096] Endgame KRN-KRN} Rf8 25. Ne4 Nd5 ({Black should try} 25... Rf4) 26. Rg1 b6 27. Rxg5 Nf4 28. Rg3 Re8 29. Nc3 Rd8 30. d5 b5 (30... Nxd5 $16 31. Rd3 c6 32. Nxd5 cxd5) 31. a3 {Accuracy: White = 65%, Black = 61%.} 1-0

[Event "3. Open Bohumin 2020"]
[Site "Bohumin"]
[Date "2020.07.25"]
[Round "8.8"]
[White "Galuszka, Tomasz"]
[Black "Weinzettl, Ernst"]
[Result "0-1"]
[WhiteElo "2255"]
[BlackElo "2166"]
[Annotator "RC"]
[PlyCount "50"]
[EventDate "2020.07.18"]
[EventType "swiss"]
[EventCountry "CZE"]
[SourceTitle "playchess.com"]
[Source "ChessBase"]
[SourceQuality "1"]
[TimeControl "40/5400+30:900+30"]

1. e4 {[%emt 0:00:00]} e6 {[%emt 0:00:00]} 2. d4 {[%emt 0:00:00]} d5 {[%emt 0:00:06]} 3. Nd2 {[%emt 0:00:00]} c5 {[%emt 0:00:27]} 4. exd5 {[%emt 0:00:00]} Qxd5 {[%emt 0:00:34]} 5. Ngf3 {[%emt 0:00:59]} cxd4 {[%emt 0:00:15]} 6. Bc4 {[%emt 0:00:50]} Qd7 {[%emt 0:00:39]} 7. Qe2 {[%emt 0:03:13]} a6 {[%emt 0:01:07]} 8. Nb3 {[%emt 0:01:57]} Nc6 {[%emt 0:01:00]} 9. Bd2 {[%emt 0:02:03]} Nf6 {[%emt 0:02:57]} 10. O-O-O {[%emt 0:03:59]} b5 {[%emt 0:09:17]} 11. Bd3 {[%emt 0:00:17]} Bb7 {[%emt 0:00:08]} 12. Kb1 {[%emt 0:07:30]} Be7 {[%emt 0:05:14]} 13. Rhg1 {[%emt 0:08:22]} Rd8 {[%emt 0:17:17]} 14. g4 {[%emt 0:03:17]} Qc7 {[%emt 0:03:10]} 15. g5 {[%emt 0:08:02]} Nd5 {[%emt 0:01:53]} 16. Rg4 {[%emt 0:01:41]} Ncb4 {[%emt 0:03:26]} 17. h4 {[%emt 0:09:01]} Nxd3 {[%emt 0:03:14]} 18. Qxd3 {[%emt 0:01:36]} Nc3+ {[%emt 0:04:36]} 19. bxc3 {[%emt 0:18:27]} dxc3 {[%emt 0:00:10]} 20. Nfd4 {[%emt 0:00:20]} cxd2 {[%emt 0:00:14]} 21. g6 {[%emt 0:02:01]} hxg6 {[%emt 0:01:21]} 22. Rxg6 {[%emt 0:05:27]} Qf4 {[%emt 0:09:26]} 23. Rxg7 {[%emt 0:06:40]} Bf6 {[%emt 0:04:12]} 24. Rg3 {[%emt 0:01:24]} Bxd4 {[%emt 0:04:46]} 25. Rdg1 {[%emt 0:01:06]} Bg7 {[%emt 0:05:37]} 0-1

[Event "3. Open Bohumin 2020"]
[Site "Bohumin"]
[Date "2020.07.25"]
[Round "8.9"]
[White "Gnojek, Petr"]
[Black "Rodshtein, Tereza"]
[Result "1/2-1/2"]
[WhiteElo "2107"]
[BlackElo "2189"]
[Annotator "TA"]
[PlyCount "77"]
[EventDate "2020.07.18"]
[EventType "swiss"]
[EventCountry "CZE"]
[SourceTitle "playchess.com"]
[Source "ChessBase"]
[SourceQuality "1"]

{[%evp 15,77,4,16,22,18,-10,-10,-10,-10,-18,-6,-31,-11,-10,-18,-43,-20,-40,-20,-16,-18,-53,-24,-21,-16,-82,-78,-74,-77,-116,-110,-101,-122,-115,-93,-124,-128,-130,-129,-126,-128,-114,-93,-145,-144,-169,-162,-154,-97,-83,-40,-48,-41,-38,-49,-62,0,0,0,-56,0,0,0,-43]} 1. d4 d5 2. c4 dxc4 3. e4 c5 4. d5 Nf6 5. Nc3 b5 6. e5 b4 7. exf6 bxc3 8. bxc3 Nd7 9. Bxc4 {D20: Queen's Gambit Accepted: 3 e3 and 3 e4.} Nb6 10. fxe7 Bxe7 11. Bb5+ Bd7 12. Bxd7+ Qxd7 13. Ne2 (13. Nf3 {with more complications.} O-O 14. O-O Qxd5 15. Qc2 Rfe8 16. Be3) 13... Qxd5 14. Qxd5 Nxd5 15. O-O {[#]} O-O $146 ({Predecessor:} 15... O-O-O 16. Ba3 Kc7 17. Rac1 Kc6 18. Rfd1 Bf6 19. Rd3 Rhe8 20. Ng3 Nxc3 21. Rdxc3 Bxc3 22. Rxc3 {0-1 (53) Johansen,M (2255)-Lindinger,M (2145) Pinneberg 1997}) 16. Ba3 Nb6 17. Rad1 Rfd8 18. Nd4 cxd4 {[%mdl 64] Discovered Attack} 19. Bxe7 Rd7 $36 {[%mdl 2048] White is under pressure.} 20. Bb4 (20. Rfe1 $11) 20... d3 $17 21. Rfe1 f5 22. Re7 Rad8 $1 23. Rxd7 Rxd7 {[%mdl 4096] Endgame KRB-KRN} 24. Bc5 {[#]} Nc4 $1 25. Bd4 d2 26. g3 Kf7 27. Kf1 g5 28. Be3 Kg6 29. Ke2 (29. a4 $142) 29... Re7 {...f4 is the strong threat.} 30. Kf3 h6 31. h3 {[#]} Re6 (31... h5 $142 $1 32. a4 (32. Bxd2 $2 g4+ {[%mdl 64] Double Attack} 33. Kg2 Rd7 $19) 32... a6) 32. g4 Ne5+ ({Much weaker is} 32... Nxe3 $6 33. fxe3 fxg4+ 34. hxg4 $11) 33. Kg2 fxg4 34. hxg4 Nc4 35. Kf3 $1 Ne5+ 36. Kg3 Nc4 37. Kf3 $1 Ne5+ 38. Kg3 Nc4 39. Kf3 $1 {Accuracy: White = 68%, Black = 88%.} 1/2-1/2

[Event "3. Open Bohumin 2020"]
[Site "Bohumin"]
[Date "2020.07.25"]
[Round "8.10"]
[White "Czerw, Dawid"]
[Black "Panek, Bartosz"]
[Result "1-0"]
[WhiteElo "2287"]
[BlackElo "1988"]
[Annotator "TA"]
[PlyCount "47"]
[EventDate "2020.07.18"]
[EventType "swiss"]
[EventCountry "CZE"]
[SourceTitle "playchess.com"]
[Source "ChessBase"]
[SourceQuality "1"]

{[%evp 19,47,9,29,4,17,0,0,0,0,6,13,-19,-13,-43,38,43,48,54,63,42,137,140,400,404,390,396,647,644,729,745]} 1. d4 Nf6 2. c4 g6 3. Nc3 d5 4. cxd5 Nxd5 5. e4 Nxc3 6. bxc3 Bg7 7. Bc4 c5 8. Ne2 Nc6 9. Be3 O-O 10. O-O e6 {Recently 10...b6 got a lot of attention.} 11. Qd2 {D87: Exchange Grünfeld: Classical Line: Variations without ...cxd4.} Qe7 {[#]} 12. Bh6 $146 ({Predecessor:} 12. Rac1 Na5 13. Bd3 c4 14. Bb1 b5 15. f4 Re8 16. Rf3 Bb7 17. Rg3 Nc6 18. f5 exf5 19. exf5 {0-1 (41) Godart,F (2119)-Mirguet,B (1747) Bagnoles de l'Orne 2009}) 12... Rd8 13. Bxg7 {The position is equal.} Kxg7 14. Rad1 b6 15. Qe3 Bb7 16. f4 f5 (16... cxd4 $15 17. Nxd4 Rac8) 17. Ng3 $14 Na5 18. Bd3 {[%cal Re4f5]} fxe4 19. Bxe4 Nc4 (19... cxd4 $1 $14 20. Rxd4 Rf8) 20. Qe2 $16 cxd4 $2 {[%mdl 8192] [#]} (20... b5 $16 {was necessary.}) 21. Bxb7 $18 ({Much less strong is} 21. Qxc4 Rac8 $18) 21... Qxb7 22. Qxc4 Rac8 $2 (22... Qd5 23. Rxd4 Qxc4 24. Rxc4 Rac8) 23. Qxe6 Re8 24. Qg4 {Black got outplayed after the opening. Accuracy: White = 75%, Black = 36%.} 1-0

[Event "3. Open Bohumin 2020"]
[Site "Bohumin"]
[Date "2020.07.25"]
[Round "8.11"]
[White "Trybus, Daniel"]
[Black "Dobrovolsky, Ladislav"]
[Result "0-1"]
[WhiteElo "1950"]
[BlackElo "2271"]
[Annotator "TA"]
[PlyCount "76"]
[EventDate "2020.07.18"]
[EventType "swiss"]
[EventCountry "CZE"]
[SourceTitle "playchess.com"]
[Source "ChessBase"]
[SourceQuality "1"]

{[%evp 13,76,18,35,35,50,50,48,18,62,42,66,12,43,30,60,5,41,39,40,25,28,11,48,34,56,45,66,56,133,148,145,144,287,242,352,355,343,349,444,444,1280,281,265,-297,-318,-309,-229,-330,-275,-744,-704,-1406,-1387,-1319,-1308,-1304,-1173,-4827,-4827,-5193,-4794,-6707,-6411,-29941,-7848]} 1. e4 c5 2. Nf3 e6 3. d4 cxd4 4. Nxd4 a6 5. Nc3 Qc7 6. Bd3 Nc6 7. Nxc6 bxc6 8. Qe2 {B46: Sicilian: Taimanov: 5 Nc3 a6.} e5 9. O-O Nf6 10. f4 {White is slightly better.} d6 11. fxe5 dxe5 12. Bg5 (12. h3 $14) 12... Be7 13. Kh1 O-O {[#]} 14. Nd1 $146 (14. h3 $14) ({Predecessor:} 14. Na4 a5 15. b3 Be6 16. Qe1 Nh5 17. Be3 Nf4 18. Bxf4 exf4 19. e5 Bg5 20. Qe4 {1-0 (38) Paehtz,E (2398)-Sachdev,T (2256) Cochin 2004}) 14... Ng4 15. Bd2 a5 16. h3 Nf6 17. Ne3 Rb8 18. Nf5 Bxf5 19. Rxf5 Rxb2 20. Bc3 $36 {[%mdl 2112] Double Attack. White is pushing.} Rb7 ({Better is} 20... Qb6 $14) 21. Bxe5 $16 Qd8 22. Raf1 Kh8 (22... Ne8 $16 23. Ba6 Ra7) 23. Bc3 $18 a4 (23... Bb4 $142) 24. e5 Nd5 25. Ba1 Bg5 {intending ...Ne3.} 26. e6 Bf6 {[#]} (26... Nb4 $142 27. exf7 Nxd3 28. cxd3 Rb5) 27. Rxf6 $2 (27. Rh5 $1 {[%mdl 512]} g6 28. Rxd5 $1 {[%mdl 576] Remove Defender, Deflection, Promotion} Qxd5 29. Bxf6+ Kg8 30. Bc4) 27... Nxf6 28. Rxf6 $4 {[%mdl 8192]} (28. Ba6 $1 $18 {[%cal Ra6b7]} Rc7 29. Rxf6 $1 {[%mdl 512]} gxf6 30. e7 $1 {[%mdl 576] Decoy} Qxe7 31. Qxe7 Rxe7 32. Bxf6+ {[%mdl 64] Double Attack} Kg8 33. Bxe7) 28... gxf6 $19 29. e7 Rb1+ {[%mdl 64] Double Attack} 30. Kh2 Qd6+ 31. Be5 $2 (31. g3 Rg8 32. Bxf6+ $1 {[%mdl 512]} Qxf6 33. e8=Q Rxe8 34. Qxe8+ Kg7 35. Qe3) 31... Qxe7 ({Stronger than} 31... fxe5 {[#]} 32. Qe4 $1 $11 {[%mdl 512]}) 32. c3 Qxe5+ 33. Qxe5 fxe5 34. Bxb1 {KR-KB} Rb8 35. Bc2 a3 36. Bd3 Rb2 37. Bc4 Kg7 38. Kg3 Rc2 {Black used his chance. Accuracy: White = 47%, Black = 46%.} 0-1

[Event "3. Open Bohumin 2020"]
[Site "Bohumin"]
[Date "2020.07.25"]
[Round "8.12"]
[White "Lojek, Marek"]
[Black "Grochol, Kamil"]
[Result "1/2-1/2"]
[WhiteElo "2203"]
[BlackElo "2023"]
[Annotator "TA"]
[PlyCount "70"]
[EventDate "2020.07.18"]
[EventType "swiss"]
[EventCountry "CZE"]
[SourceTitle "playchess.com"]
[Source "ChessBase"]
[SourceQuality "1"]

{[%evp 16,70,18,0,27,16,41,22,43,44,72,73,103,114,125,129,149,142,207,210,206,200,198,209,214,174,162,156,180,174,186,179,167,95,89,25,22,-12,-10,-164,-84,-62,-66,-123,-84,-142,-87,-79,-9,-18,-18,-82,-62,-64,-68,-54,-54]} 1. e4 c5 2. c3 d5 3. exd5 Qxd5 4. d4 Nc6 5. Be3 Bf5 6. dxc5 Qxd1+ 7. Kxd1 O-O-O+ 8. Nd2 Nf6 9. Ngf3 e5 {B22: Sicilian: 2 c3.} 10. b4 Nd5 11. Rc1 {[#]} f6 $146 {The position is equal.} ({Predecessor:} 11... e4 12. Ng5 Nxe3+ 13. fxe3 Ne5 14. Ke1 Be7 15. Ngxe4 Rhe8 16. Bb5 Bd7 17. Bxd7+ Rxd7 {1-0 (27) Baklan,V (2648)-Mazajchik,T (2235) Gent 2007}) 12. Bc4 Nxe3+ 13. fxe3 g6 14. Ke2 Bh6 15. h3 Rhe8 16. g4 Be6 (16... e4 $16 {is a better defense.} 17. Nd4 Bd7) 17. Bxe6+ $18 Rxe6 18. Ne4 Bf8 19. Rhd1 Be7 20. Ng3 Kc7 21. e4 Bf8 22. h4 Rxd1 23. Rxd1 ({Resist} 23. Kxd1 $6 a5 $16) 23... Nd8 24. Rd2 (24. Nf1 $18) 24... Ra6 $16 25. Kd1 (25. Nf1 $16) 25... Ra3 $11 26. Rc2 a5 27. Ke2 $2 {[#]} (27. g5 $11 {and White stays safe.}) 27... Ne6 (27... axb4 $19 28. cxb4 Ne6) 28. bxa5 $17 Rxa5 29. Nf1 (29. Ne1 $15) 29... Bxc5 30. Ne3 (30. Ne1 $142) 30... Bxe3 ({Black should play} 30... Nf4+ 31. Kf2 Ra3) 31. Kxe3 h5 (31... Ra4 $17) 32. gxh5 gxh5 33. Nd2 (33. Ne1 $11) 33... Nf4 34. Nb3 Ra8 35. Nd4 $1 Rg8 {White really could win this. Accuracy: White = 56%, Black = 66%.} 1/2-1/2

[Event "3. Open Bohumin 2020"]
[Site "Bohumin"]
[Date "2020.07.25"]
[Round "8.13"]
[White "Nytra, Ondrej"]
[Black "Posluszny, Tomasz"]
[Result "0-1"]
[WhiteElo "2150"]
[BlackElo "1977"]
[Annotator "RC"]
[PlyCount "66"]
[EventDate "2020.07.18"]
[EventType "swiss"]
[EventCountry "CZE"]
[SourceTitle "playchess.com"]
[Source "ChessBase"]
[SourceQuality "1"]
[TimeControl "40/5400+30:900+30"]

1. e4 {[%emt 0:00:00]} c5 {[%emt 0:00:05]} 2. Nf3 {[%emt 0:00:00]} d6 {[%emt 0:00:21]} 3. d4 {[%emt 0:00:00]} cxd4 {[%emt 0:00:06]} 4. Nxd4 {[%emt 0:00:00]} Nf6 {[%emt 0:00:31]} 5. Nc3 {[%emt 0:00:00]} a6 {[%emt 0:00:22]} 6. Be2 {[%emt 0:00:00]} e5 {[%emt 0:00:12]} 7. Nb3 {[%emt 0:00:00]} Be7 {[%emt 0:01:08]} 8. O-O {[%emt 0:00:02]} O-O {[%emt 0:00:17]} 9. Kh1 {[%emt 0:00:03]} Nc6 {[%emt 0:00:44]} 10. Be3 {[%emt 0:02:55]} Be6 {[%emt 0:03:27]} 11. f4 {[%emt 0:00:34]} exf4 {[%emt 0:10:01]} 12. Bxf4 {[%emt 0:00:37]} Ne5 {[%emt 0:01:33]} 13. Nd4 {[%emt 0:00:28]} Re8 {[%emt 0:13:18]} 14. Nxe6 {[%emt 0:06:27]} fxe6 {[%emt 0:00:07]} 15. Bxe5 {[%emt 0:00:02]} dxe5 {[%emt 0:00:11]} 16. Bc4 {[%emt 0:00:08]} Bb4 {[%emt 0:08:10]} 17. Qe2 {[%emt 0:02:58]} Bxc3 {[%emt 0:08:09]} 18. bxc3 {[%emt 0:03:44]} Rc8 {[%emt 0:01:19]} 19. Rf3 {[%emt 0:03:45]} Qc7 {[%emt 0:01:50]} 20. Bb3 {[%emt 0:00:04]} Qc6 {[%emt 0:01:04]} 21. Re3 {[%emt 0:01:48]} Rf8 {[%emt 0:08:23]} 22. h3 {[%emt 0:02:22]} Nd7 {[%emt 0:03:38]} 23. Qh5 {[%emt 0:01:18]} Rf6 {[%emt 0:03:16]} 24. Rd1 {[%emt 0:02:46]} Rcf8 {[%emt 0:04:04]} 25. Kh2 {[%emt 0:00:15]} Qb6 {[%emt 0:07:58]} 26. Rg3 {[%emt 0:21:07]} Qc6 {[%emt 0:07:38]} 27. Rg4 {[%emt 0:20:17]} Rf4 {[%emt 0:07:55]} 28. Rg5 {[%emt 0:24:36]} Kh8 {[%emt 0:02:04]} 29. Rd3 {[%emt 0:04:35]} Nf6 {[%emt 0:01:04]} 30. Qd1 {[%emt 0:00:01]} Nxe4 {[%emt 0:00:47]} 31. Rxe5 {[%emt 0:03:32]} Qc7 {[%emt 0:01:03]} 32. Rxe4 {[%emt 0:01:01]} Rf1+ {[%emt 0:00:55]} 33. g3 {[%emt 0:00:18]} R8f2# {[%emt 0:00:08]} 0-1

[Event "3. Open Bohumin 2020"]
[Site "Bohumin"]
[Date "2020.07.25"]
[Round "8.14"]
[White "Kroliczek, Gabriela"]
[Black "Kubos, Rostislav"]
[Result "0-1"]
[WhiteElo "1976"]
[BlackElo "2134"]
[Annotator "TA"]
[PlyCount "84"]
[EventDate "2020.07.18"]
[EventType "swiss"]
[EventCountry "CZE"]
[SourceTitle "playchess.com"]
[Source "ChessBase"]
[SourceQuality "1"]

{[%evp 12,84,12,14,24,0,37,27,36,22,23,10,14,0,0,-42,-42,-42,-43,-43,-35,-45,-42,-41,-40,-101,-96,-101,-28,-26,-26,-28,-26,-26,-24,-40,-32,-32,-19,-38,-20,-22,-27,-39,-37,-30,-18,-65,-55,-61,-54,-102,-106,-100,-91,-91,-86,-388,-331,-314,-319,-360,-347,-29992,-29993,-29993,-29994,-29994,-29995,-29995,-29996,-29996,-29997,-29998,-29999]} 1. e4 e6 2. d4 d5 3. Nc3 Bb4 4. exd5 exd5 5. Bd3 Nf6 6. Nf3 O-O 7. O-O Nbd7 {C01: French: Exchange Variation.} 8. Bg5 c6 {[#]} 9. Ne2 $146 ({Predecessor:} 9. Re1 Be7 10. Ne5 Nxe5 11. dxe5 Ng4 12. Bxe7 Qxe7 13. h3 Nh6 14. Qh5 f5 15. f4 {½-½ (43) Kulish,I (2235)-Zaitseva,L (2320) Elista 1994}) 9... Re8 {White has an edge.} 10. h3 Bd6 11. Qc1 Nf8 12. Ng3 Ne6 13. Nh5 {[#] aiming for Bxf6.} Nxg5 14. Qxg5 {[%csl Gh5][%cal Rg5g7]} Nxh5 15. Qxh5 g6 16. Qh6 Qf6 17. Rae1 Bd7 18. h4 ({White should try} 18. c3 $15) 18... Bf4 $17 19. Ng5 Qg7 (19... Bxg5 $17 20. Qxg5 Qxd4) 20. Qxg7+ $11 Kxg7 21. g3 Bd6 22. Kg2 a5 23. Rh1 h6 24. Nf3 Kf6 25. Nd2 a4 26. a3 b6 27. c4 dxc4 28. Nxc4 Bc7 29. f4 Be6 {And now ...Bd5+ would win.} 30. Ne5 Rad8 $1 31. Be4 Rxd4 {Hoping for ...Rd2+.} 32. Bxc6 Rd2+ 33. Kf3 Red8 34. Rb1 $2 {[%mdl 8192] Loses the game.} (34. Re2 $17) 34... Bxe5 35. fxe5+ Kxe5 {[%cal Rd8d3]} 36. Rhe1+ Kf6 37. Bxa4 $2 {[#]} (37. Be4 $19) 37... R8d3+ {Black mates.} 38. Re3 Bd5+ 39. Kg4 h5+ 40. Kh3 Rxe3 {[%cal Rd5e6]} 41. Rf1+ Kg7 42. Be8 Be6+ {Accuracy: White = 65%, Black = 91%.} 0-1

[Event "3. Open Bohumin 2020"]
[Site "Bohumin"]
[Date "2020.07.25"]
[Round "8.15"]
[White "Lys, Josef"]
[Black "Adamczyk, Zuzanna"]
[Result "1/2-1/2"]
[WhiteElo "2124"]
[BlackElo "1968"]
[Annotator "TA"]
[PlyCount "118"]
[EventDate "2020.07.18"]
[EventType "swiss"]
[EventCountry "CZE"]
[SourceTitle "playchess.com"]
[Source "ChessBase"]
[SourceQuality "1"]

{[%evp 12,118,-27,-42,-45,-45,-49,-51,-5,-6,-20,-12,-16,-33,-12,-41,-37,-59,-31,-27,-35,-37,-29,-29,-30,-22,-15,-43,-20,-36,0,0,0,0,31,0,0,0,0,0,0,-86,-88,-88,-40,-36,-33,-59,-65,-71,0,0,0,0,0,0,11,11,11,11,11,11,58,30,29,11,11,11,11,11,11,11,11,0,0,0,11,11,11,11,11,11,487,0,0,0,0,0,0,0,576,0,0,0,0,0,0,0,0,0,0,0,0,0,0,0,0,0,0]} 1. d4 f5 2. e4 fxe4 3. Nc3 Nf6 4. Bg5 c6 5. Bxf6 exf6 6. Nxe4 d5 7. Ng3 Qe7+ {A83: Dutch Defence: Staunton Gambit with 3 Nc3 Nf6 4 Bg5.} 8. Qe2 Qxe2+ 9. Bxe2 Bb4+ {Black is slightly better.} 10. c3 Bd6 {[#]} 11. Bd3 $146 ({Predecessor:} 11. Nf3 O-O 12. O-O-O Be6 13. Rde1 Re8 14. Bd3 g6 15. Nf1 Nd7 16. Ne3 Re7 17. Re2 {0-1 (63) Efremova,D (2047)-Melnikov,D (2293) St Petersburg 2007}) 11... Kf7 12. O-O-O Be6 13. N1e2 g6 14. h4 h5 15. Nf1 Nd7 16. Ne3 Rae8 17. Kd2 Nb6 {[%cal Bd7b6,Bb6c8,Bc8d6][%mdl 32]} 18. b3 Nc8 19. f3 Bc7 20. g4 hxg4 21. fxg4 Nd6 22. Rdf1 Kg7 23. Nf4 Bf7 24. h5 {[%cal Rh5g6]} Ne4+ 25. Bxe4 $1 Rxe4 26. Ne2 (26. Nd3 $1 $11 {remains equal.}) 26... gxh5 $17 27. Nf5+ Kg8 (27... Kf8 {keeps more tension.} 28. gxh5 Rxh5 29. Rxh5 Bxh5 30. Neg3 Rf4) 28. gxh5 Rxh5 29. Rxh5 Bxh5 30. Neg3 Bxg3 ({Better is} 30... Rf4 $17 31. Rg1 Kf8 32. Nxh5 Rf2+ 33. Kd1 Rxf5) 31. Nxg3 {[%mdl 4096] Endgame KRB-KRN} Rh4 32. Rxf6 Rh2+ 33. Ke3 {Black must now prevent Rh6.} Bf7 34. Nf5 Bh5 $1 35. Rh6 {And now Ng3 would win.} Re2+ 36. Kf4 Bf7 37. Rf6 Rxa2 38. Nh6+ Kg7 39. Rxf7+ {[%mdl 64] Double Attack} Kxh6 40. Rxb7 $11 {Strongly threatening Rc7. KR-KR} Rc2 41. Rxa7 Rxc3 42. Rb7 Kg6 43. Ke5 Kg5 44. Rg7+ Kh6 $1 {[%cal Rh6g7]} 45. Rc7 Kg5 46. Kd6 Rd3 $2 {[%mdl 8192]} (46... Rxb3 $11 47. Rxc6 Kf6) 47. Rxc6 $2 (47. Kxc6 $18 Rxd4 48. Rd7 $1 {[%mdl 512]}) 47... Rxd4 48. Kc5 (48. Ke5 {feels hotter.} Rb4 49. Rc3 Rb5 50. Rg3+ Kh4 51. Rg1) 48... Rd3 $1 49. b4 {b5 is the strong threat.} Kf4 50. Re6 d4 $2 {[%mdl 8192] [#]} (50... Rd1 $11 {and Black has nothing to worry.}) 51. b5 $2 ({Only move:} 51. Kd5 $1 $18 {Threatens to win with Re4+.} Re3 52. Rf6+ Kg5 53. Rd6) 51... Rb3 {The position is equal.} 52. Kc4 Rb2 53. b6 Kf5 54. Rh6 Ke4 55. Re6+ Kf5 56. Rd6 Ke5 {( -> ...Rc2+)} 57. Rd5+ Ke6 58. Rh5 Kd7 59. Rh6 Kc8 {Accuracy: White = 84%, Black = 77%.} 1/2-1/2

[Event "3. Open Bohumin 2020"]
[Site "Bohumin"]
[Date "2020.07.25"]
[Round "8.16"]
[White "Warchol, Kamil"]
[Black "Valencik, Jozef"]
[Result "1/2-1/2"]
[WhiteElo "1911"]
[BlackElo "2089"]
[Annotator "TA"]
[PlyCount "112"]
[EventDate "2020.07.18"]
[EventType "swiss"]
[EventCountry "CZE"]
[SourceTitle "playchess.com"]
[Source "ChessBase"]
[SourceQuality "1"]

{[%evp 11,112,0,12,16,41,34,68,62,70,70,72,54,58,25,27,28,17,29,28,18,74,72,68,62,105,59,134,135,129,132,129,133,167,89,102,20,95,77,270,297,296,275,281,174,268,210,291,275,329,323,495,47,53,49,150,162,153,-295,-289,-293,-40,-72,-72,-82,-81,-96,-96,-268,-96,-96,-96,-96,-70,-70,-61,-61,-61,-61,-8,-54,-17,-36,-8,-8,0,0,0,0,0,0,0,0,0,0,0,0,0,0,0,-8,-8,-8,-8]} 1. e4 c6 2. d4 d5 3. Nd2 dxe4 4. Nxe4 Nf6 5. Ng3 h5 6. h4 Bg4 7. f3 {B15: Caro-Kann: 3 Nc3: 3...g6 and 3...dxe4 4 Nxe4 Nf6 5 Nxf6+ exf6.} Qc7 8. N1e2 {[#]} Bf5 $146 {[%mdl 64] Decoy} ({Predecessor:} 8... Bd7 9. Bg5 e6 10. Qd2 Na6 11. a3 O-O-O 12. O-O-O c5 13. Nf4 c4 14. Nge2 Bd6 15. g3 {0-1 (15) Aguirre Contreras,C (2228)-Hernandez Riera,J (2243) Santiago de Chile 2018}) 9. Nxf5 {c3 is the strong threat.White is slightly better.} Qa5+ 10. c3 Qxf5 11. Qb3 Qc8 12. Nf4 (12. Bg5 {is more complex.} e6 13. c4 Bd6 14. O-O-O Nbd7 15. Kb1) 12... e6 13. Bd2 Bd6 14. O-O-O $36 {[%mdl 2048] White fights for an advantage.} a5 15. a4 Nd5 (15... Qc7 $11 16. Nh3 Nbd7) 16. Nxd5 $16 cxd5 17. Bb5+ Nd7 18. Rde1 O-O (18... Kf8 $1 $14) 19. g4 hxg4 20. fxg4 Nf6 21. g5 Ne4 {[#]} 22. Be3 (22. Rxe4 $1 $18 {[%mdl 512]} dxe4 23. Qc2) 22... Qc7 23. Bd3 (23. Qc2 $16) 23... Ng3 (23... b5 $11 {remains equal.}) 24. Rhg1 f5 $2 (24... b5 $16) 25. gxf6 $1 $18 Rxf6 26. Bg5 $1 {[%cal Rg5f6]} Rf3 27. Qc2 Qd7 {[#]} (27... Qf7 {was worth a try.} 28. Bh7+ Kh8) 28. h5 $1 {[%mdl 512]} Raf8 (28... Nxh5 29. Bh7+) 29. h6 Rf2 30. Qd1 R8f3 (30... R2f3 {was called for.} 31. Kb1 Bc7) 31. Re3 $2 (31. Be3 $18) 31... Qf7 $14 {White must now prevent ...Bf4.} 32. Rxf3 Rxf3 (32... Qxf3 $14 33. hxg7 Ne2+ 34. Bxe2 Rxe2) 33. hxg7 $16 Qh5 {[#]} 34. Qd2 $2 (34. Be3 $1 $16 {is forced if you want to stay better.}) 34... Rxd3 $1 $19 35. Qxd3 Qxg5+ $2 (35... Ne2+ $19 36. Kb1 Nxg1) 36. Kb1 {[#]} Qf5 $1 {[%cal Rf5d3]} 37. Qc2 Kxg7 38. Re1 Kf6 39. b3 $2 (39. Rg1 $17 {keeps fighting.}) 39... Qxc2+ $2 (39... Qf3 $19 {has better winning chances. Threatens to win with ...Ne4.} 40. Kb2 Ne4) 40. Kxc2 $17 Nf5 41. Kd3 e5 42. dxe5+ Bxe5 43. Rh1 Ke6 44. Rh7 Bg7 (44... Nd6 $15 45. c4 dxc4+ 46. bxc4 b6) 45. Kd2 Kf6 46. Kd3 Nh6 47. Kd4 {The position is equal.} Kg6+ 48. Rxg7+ $1 Kxg7 49. Kxd5 $11 {[%mdl 4096] Endgame KN-K3P} Nf7 50. Kc5 Kf6 51. Kb6 Nd6 52. Kxa5 Ke6 53. Kb6 Kd7 54. a5 Kc8 55. a6 bxa6 56. Kxa6 Ne4 {Accuracy: White = 62%, Black = 49%.} 1/2-1/2